Statystyki dla Quiz o Niemczech

Kliknij tutaj aby rozwiązać quiz!

Ogólne statystyki

  • Ten quiz został rozwiązany 29 razy
  • Średni wynik to 18 z 25

Statystyki odpowiedzi

WskazówkaOdpowiedź% Poprawnych
Państwa granicząceAustria
100%
Państwa granicząceBelgia
100%
StolicaBerlin
100%
Państwa granicząceCzechy
100%
Państwa granicząceDania
100%
WalutaEuro
100%
Państwa granicząceFrancja
100%
Państwa granicząceHolandia
100%
Państwa granicząceLuksemburg
100%
Państwa graniczącePolska
100%
Państwa granicząceSzwajcaria
100%
Morze nad którym leżyMorze Bałtyckie
95%
JęzykNiemiecki
95%
Morze nad którym leżyMorze Północne
71%
Największa rzeka pod względem ilości wodyRen
71%
Oficjalna nazwaRepublika Federalna Niemiec
67%
Największa rzeka pod względem długościDunaj
62%
Religia dominującąKatolicyzm
62%
Podział administracyjnyKraj związkowy
57%
Rok utworzenia1990
38%
Podział administracyjnyPowiat
29%
Podział administracyjnyGmina
24%
Podział sił zbrojnychMarine
19%
Podział sił zbrojnychLuftwaffe
14%
Podział sił zbrojnychHeer
5%

Rozkład punktacji

Percentyl według liczby udzielonych odpowiedzi

Procent ludzi z każdym wynikiem

Twoja historia wyników

Nie rozwiązałeś tego quizu